01449 2200301 4500001002100000005001500021035002000036007000300056008004100059020001800100082001000118084001600128100003000144245005100174250000600225300005000231650002500281700003100306504002800337520063800365264003701003336002101040337003001061338002301091990001101114990001101125990001101136INLIS00000000002384820260422033934 a0010-0426000045ta260422 g 0 ind  a9786230141447 a153.6 a153.6 NIN l0 aNinda NindianiePengarang1 aLet's Speak :bSimple Tips for Public Speaking aI ax + 182 halaman :bIlustrasi [Warna] ;c21 cm 4aPsikologi Komunikasi0 aStefani DiestaeIlustrator aBibliografi 168 halaman aKok susah ya bicara di depan banyak orang? Deg-degan, tangan gemetar, keringatan, 'blank' nggak bisa ngomong. Itu merupakan serangkaian hai yang sering dialami banyak orang ketika harus tampil bicara di depan umum. Untuk Anda yang ingin jadi pembicara, presenter. MC. moderator, trainer, atau vlogger, buku ini dapat membantu mengembangkan kemampuan agar lebih percaya diri. karena berisikan banyak tips praktis Public Speaking dengan contoh-contoh latihan yang mudah diikuti. Selain itu, buku ini juga dilengkapi dengan tips berpenampilan dan etiket, yang mendukung rasa percaya diri saat tampil dan berbicara di depan publik. aYogyakarta :bANDI OFFSET,c2024 2rdacontentaTeks 2rdamediaaTanpa Perantara 2rdacarrieraLembar a078250 a078251 a078252